000 00625nam a2200277Ia 4500
005 20260324150138.0
008 008 260324s9999 xx 000 0 eng d
020 _a9780203849637
037 _aEBOOK
040 _aCRL
040 _beng
040 _cCRL
041 _2eng
041 _aeng
084 _qCRL
100 _aJ.C.B. Gosling
_91225408
245 0 _aPlato-Arg Philosophers
260 _bTaylor and Francis
260 _c1973
365 _a
365 _b510
856 _uhttp://www.taylorfrancis.com/books/9780203849637
942 _cEBOOK
999 _c1834383
_d1834383